00450nam a22001577a 450000500170000000800410001702000180005804000210007604100080009708200130010510000260011824500640014426000420020865000160025070000260026620240227142113.0240227b ||||| |||| 00| 0 eng d a9789355406408 aIN-DiNCcIN-DiNC deng a658bARO aArora, Saritaeauthor aAdvertisement management/cby Sarita Arora and Prerna Ahuja aLudhiana:bKalyani publishers,c2024. aAdvertising aAhuja, Prernaeauthor